| 000 | 02723ngm a2200613Ia 4500 | ||
|---|---|---|---|
| 001 | ocn714895632 | ||
| 003 | OCoLC | ||
| 005 | 20231122133439.0 | ||
| 007 | vd cvaizq | ||
| 008 | 110426s2011 cau061 j vaeng d | ||
| 020 | _c9.98 | ||
| 024 | 1 | _a884487110144 | |
| 028 | 4 | 2 |
_aH181588 _bHit Entertainment |
| 035 | _a(OCoLC)714895632 | ||
| 037 |
_bMidwest Tape _nhttp://www.midwesttapes.com |
||
| 040 |
_aTEFMT _cTEFMT _dTEF _dOCLCA _dIEP _dOCLCA _dWACOL _e |
||
| 041 | 0 |
_aeng _aspa _heng |
|
| 049 | _aWACL | ||
| 050 | 4 |
_aPN1997.2 _b.B63 2011 |
|
| 082 | 0 | 4 |
_a791.43/72 _222 |
| 092 |
_aEDVD _bBob |
||
| 245 | 0 | 0 | _aBob the builder: The big dino dig, the movie |
| 246 | 3 | 0 | _aBig dino dig, the movie |
| 246 | 3 | 0 | _aBig dino dig |
| 260 |
_aSanta Monica, Calif. : _bLionsgate, _c2011. |
||
| 264 |
_aSanta Monica, Calif. : _bLionsgate, _c2011. |
||
| 300 |
_a1 videodisc (61 min.) : _bsd., col. ; _c4 3/4 in. |
||
| 500 | _aTitle from container. | ||
| 500 | _aClosed-captioned for the hearing impaired. | ||
| 500 | _aBonus material: "Diggin' it up" music video. | ||
| 520 | _aGrab your shovels and join the fun as Bob the Builder and his terrific team dig up ancient surprises in this all-new movie. A new truck named Rubble joins the Can-Do Crew to help build an enormous amusement park, but when things get difficult with seagulls and impossible lumps, it's up to the team to work together to finish the job, unearthing some prehistoric dinosaur bones along the way. | ||
| 521 | 8 | _aNot rated. | |
| 538 | _aDVD, widescreen presentation. | ||
| 546 | _aIn English or Spanish. | ||
| 650 | 0 |
_aBob the Builder (Fictitious character) _vJuvenile films. _95808536 |
|
| 650 | 0 |
_aExcavations (Archaeology) _vJuvenile films. _96411504 |
|
| 650 | 0 |
_aDinosaurs _vJuvenile films. _95700776 |
|
| 650 | 1 |
_aBob the Builder (Fictitious character) _vDrama. _96474483 |
|
| 650 | 1 |
_aExcavations (Archaeology) _vDrama. _96476187 |
|
| 650 | 1 |
_aDinosaurs _vDrama. _95674306 |
|
| 650 | 7 |
_aBob the Builder (Personaje literario) _vPelículas cinematográficas infantiles. _2bidex _96476188 |
|
| 650 | 7 |
_aExcavaciones arqueológicas _vPelículas cinematográficas infantiles. _2bidex _96476189 |
|
| 650 | 7 |
_aDinosaurios _vPelículas cinematográficas infantiles. _2bidex _96476190 |
|
| 655 | 7 |
_aShort films. _2lcgft _9102711 |
|
| 655 | 7 |
_aChildren's films. _2lcgft _95867008 |
|
| 655 | 7 |
_aAnimated films. _2lcgft _95867009 |
|
| 655 | 0 |
_aVideo recordings for the hearing impaired. _95867010 |
|
| 655 | 7 |
_aShort films. _2gsafd _9102711 |
|
| 655 | 7 |
_aAnimated films. _2gsafd _95867009 |
|
| 710 | 2 |
_aHit Entertainment. _966216 |
|
| 730 | 0 |
_aBob the builder (Television program) _95867011 |
|
| 942 |
_cDVD _2ddc |
||
| 948 |
_a10/12/2011 _zSirsi |
||
| 999 |
_c276199 _d276199 |
||